El Cristianismo ante el riesgo de la interpretación: ensayos de hermenéutica teológica

Saved in:
Bibliographic Details
Main Author: Geffré, Claude J (Author)
Format: Book
Language:Spanish
Published: Madrid Ediciones Cristiandad 1984
Edition:1a. ed
Series:Academia Christiana, 23
Subjects:
Tags: Add Tag
No Tags, Be the first to tag this record!

MARC

LEADER 00000cam a2200000 a 4500
001 UCE9154
003 CL-VaPUC
008 151002e19840000sp |||||||||||||||||spa|d
020 |a 8470573543 
082 0 4 |a 220.6  |b GEF  |2 21 
100 |a Geffré, Claude J  |e author  |9 588600 
245 1 3 |a El Cristianismo ante el riesgo de la interpretación: ensayos de hermenéutica teológica 
250 |a 1a. ed 
300 |a 332 p 
942 |c BK 
945 |d 20151002 15:56:00  |a dcastane 
260 |a Madrid  |b Ediciones Cristiandad  |c 1984 
650 0 |a Hermenéutica bíblica   |9 545472 
650 0 |a Interpretación literaria  |9 415895 
583 |a last modification  |c 20151002 15:56:00  |k Rodrigo Vera 
490 0 |a Academia Christiana, 23 
999 |c 360846  |d 360844 
952 |0 0  |1 0  |3 erb  |4 0  |6 220_600000000000000_GEF_1984  |7 0  |8 A  |9 470948  |a BIBTEO  |b BIBTEO  |i 5202361  |o 220.6 GEF 1984  |p 5202361  |r 2025-01-17  |w 2019-11-23  |y BK  |z Catalogado en:20151002  |k ICR